000 01346cam a22003615i 4500
001 22907380
005 20260130144510.0
008 221221t20222022pk bc b 001 0 eng
010 _a 2022310364
020 _a9789692341615
035 _a22907380
037 _bLibrary of Congress -- Islamabad Overseas Office
040 _aDLC
_beng
_erda
_cDLC
042 _alcode
043 _aa-pk---
_aa-ii---
050 0 0 _aDS388
_b.G48 2022+
082 _a954.92 GHU
100 1 _aGhumman, Israr Ahmad,
_eauthor.
_9132988
245 1 0 _aSteeds of war :
_bbattle of Chhamb 1971 Pakistan-India war /
_cLieutenant General Israr Ahmad Ghumman (Retired).
264 1 _aIslamabad :
_bLieutenant General Israr Ahmad Ghumman (Retired),
_c2022.
264 4 _c© 2022
300 _axi, 463 pages, 1 unnumbered page :
_bmaps, portrait ;
_c26 cm
336 _atext
_btxt
_2rdacontent
337 _aunmediated
_bn
_2rdamedia
338 _avolume
_bnc
_2rdacarrier
504 _aIncludes bibliographical references (pages 434 -440) and indexes.
610 1 0 _aPakistan.
_bArmy.
_b23 Division.
_9132989
650 0 _aIndia-Pakistan Conflict, 1971.
650 0 _aIndia-Pakistan Conflict, 1971
_xRegimental histories
_zPakistan.
_9132990
906 _a7
_bibc
_corigode
_d3
_encip
_f20
_gy-gencatlg
942 _2ddc
_cBK
999 _c615965
_d615965